000 00935nam a2200265 a 4500
001 000003341
005 20200929150421.0
008 090708s2009 dr ab 001 0 spa d
020 _a9789945162905
040 _aDO-SdBNP
_bspa
_bBNPHU
082 _a551.6
_bR696c
100 1 _aRodríguez Morillo, Héctor
_910472
245 1 3 _aEl clima y la República Dominicana /
_cHéctor Rodríguez Morillo, José Francisco Febrillet Huertas.
260 _aSanto Domingo :
_bBúho,
_c2009.
300 _avii, 206 p. :
_bil., diagrs., mapa ;
_c23 cm.
500 _aIncluye índice
504 _aIncluye referencias bibliográficas y notas al pie de las páginas
650 4 _aClimatología
_93253
650 4 _aCambios climatológicos
_910473
650 4 _aMeteorología
_93251
651 4 _aRepública Dominicana
_xClima
_910474
700 1 _aFebrillet Huertas, José Francisco
_910475
910 _aJornada de catalogación
049 _aBNPD
999 _c3172
_d3172